000 00359nam a22001577a 4500
003 MPLRDC
005 20220104125601.0
008 210129b ||||| |||| 00| 0 eng d
082 _a947.413 SQJC
100 _a神崎将臣
245 _a街头霸王
_c
260 _a
_b东方出版社
_c
300 _b
650 _a漫画
942 _cBK
_o947.413 SQJC
999 _c28523
_d28513